Countries of the Ottoman Empire - Statistics

General Stats
  • This quiz has been taken 128 times
    122 since last reset
  • The average score is 24 of 28
Answer Stats
Answer % Correct
Serbia
97%
Egypt
96%
Bulgaria
95%
Greece
95%
Albania
94%
Iraq
93%
Israel
93%
Libya
92%
Romania
92%
Algeria
90%
Lebanon
90%
Armenia
89%
Bosnia and Herzegovina
89%
Jordan
89%
Saudi Arabia
89%
Syria
89%
Kosovo
88%
Georgia
85%
Ukraine
85%
Macedonia
84%
Cyprus
83%
Kuwait
83%
Montenegro
83%
Russia
83%
Tunisia
83%
Moldova
78%
Hungary
76%
Eritrea
50%
No matching quizzes found
Score Distribution
Percent of People with Each Score
Percentile by Number Answered
Your Score History
You have not taken this quiz since the last reset